00511nam a2200181Ia 4500008004100000020001800041082001300059100003100072245001600103250000600119260003100125300001500156500002400171650001600195942000700211952009400218999001700312230524s9999 xx 000 0 und d a9789380422411 a621bMOH aJivan Jyoti Mohanty941970 0aVLSI Design a1 aBBSRbBK Publicationc2011 a"XV,472p;" aQuantity Number: 1 aElectronics cBK 00104070aTATCLbTATCLcGENd2023-05-24l0o 621 MOHp53829r2023-05-24w2023-05-24yBK c56384d56384